<?xml version="1.0" encoding="UTF-8"?>
<record
    xmlns:xsi="http://www.w3.org/2001/XMLSchema-instance"
    xsi:schemaLocation="http://www.loc.gov/MARC21/slim http://www.loc.gov/standards/marcxml/schema/MARC21slim.xsd"
    xmlns="http://www.loc.gov/MARC21/slim">

  <leader>01208nam a2200301 i 4500</leader>
  <controlfield tag="003">DO-SdBNP</controlfield>
  <controlfield tag="005">20240305103359.0</controlfield>
  <controlfield tag="007">ta</controlfield>
  <controlfield tag="008">131128s1998    dr aco        001 0 spa d</controlfield>
  <datafield tag="040" ind1=" " ind2=" ">
    <subfield code="a">DO-SdBNP</subfield>
    <subfield code="b">spa</subfield>
    <subfield code="c">BNPHU</subfield>
    <subfield code="e">rda</subfield>
  </datafield>
  <datafield tag="082" ind1=" " ind2="4">
    <subfield code="a">780.97293</subfield>
    <subfield code="b">I37v</subfield>
    <subfield code="2">22</subfield>
  </datafield>
  <datafield tag="100" ind1="1" ind2=" ">
    <subfield code="a">Inch&#xE1;ustegui, Ar&#xED;stides,</subfield>
    <subfield code="d">1938-</subfield>
    <subfield code="9">22936</subfield>
  </datafield>
  <datafield tag="245" ind1="1" ind2="0">
    <subfield code="a">Vida musical :</subfield>
    <subfield code="b">en Santo Domingo (1940-1965) /</subfield>
    <subfield code="c">Ar&#xED;stides Inch&#xE1;ustegui, Blanca Delgado Malag&#xF3;n.</subfield>
  </datafield>
  <datafield tag="264" ind1=" " ind2=" ">
    <subfield code="a">Santo Domingo :</subfield>
    <subfield code="b">Banco de Reservas,</subfield>
    <subfield code="b">Corripio,</subfield>
    <subfield code="c">1998.</subfield>
  </datafield>
  <datafield tag="300" ind1=" " ind2=" ">
    <subfield code="a">xvi, 529 p&#xE1;ginas :</subfield>
    <subfield code="b">ilustraciones, retratos, fotograf&#xED;as ;</subfield>
    <subfield code="c">29 cm.</subfield>
  </datafield>
  <datafield tag="336" ind1=" " ind2=" ">
    <subfield code="2">rdacontent</subfield>
    <subfield code="a">texto</subfield>
    <subfield code="b">txt</subfield>
  </datafield>
  <datafield tag="337" ind1=" " ind2=" ">
    <subfield code="2">rdamedia</subfield>
    <subfield code="a">sin mediaci&#xF3;n</subfield>
    <subfield code="b">n</subfield>
  </datafield>
  <datafield tag="338" ind1=" " ind2=" ">
    <subfield code="2">rdacarrier</subfield>
    <subfield code="a">volumen</subfield>
    <subfield code="b">nc</subfield>
  </datafield>
  <datafield tag="500" ind1=" " ind2=" ">
    <subfield code="a">Incluye &#xED;ndice onom&#xE1;stico</subfield>
  </datafield>
  <datafield tag="500" ind1=" " ind2=" ">
    <subfield code="a">Publicaci&#xF3;n especial del Banco de Reservas de la Rep&#xFA;blica Dominicana. </subfield>
  </datafield>
  <datafield tag="504" ind1=" " ind2=" ">
    <subfield code="a">Bibliograf&#xED;a : p. 529</subfield>
  </datafield>
  <datafield tag="505" ind1="2" ind2=" ">
    <subfield code="t">Nacen las instituciones (1940-1949) --</subfield>
    <subfield code="t">Per&#xED;odo de consolidaci&#xF3;n (1950-1959) --</subfield>
    <subfield code="t">La d&#xE9;cada trunca (1960-1969) /</subfield>
  </datafield>
  <datafield tag="590" ind1=" " ind2=" ">
    <subfield code="a">Inventariado, 2023/ YL</subfield>
  </datafield>
  <datafield tag="650" ind1=" " ind2="4">
    <subfield code="a">M&#xFA;sica</subfield>
    <subfield code="x">Historia</subfield>
    <subfield code="z">Rep&#xFA;blica Dominicana</subfield>
    <subfield code="9">54113</subfield>
  </datafield>
  <datafield tag="700" ind1=" " ind2=" ">
    <subfield code="a">Delgado Malag&#xF3;n, Blanca</subfield>
    <subfield code="9">22928</subfield>
  </datafield>
  <datafield tag="910" ind1=" " ind2=" ">
    <subfield code="a">YLockward</subfield>
  </datafield>
  <datafield tag="942" ind1=" " ind2=" ">
    <subfield code="2">ddc</subfield>
    <subfield code="c">LBS1</subfield>
  </datafield>
  <datafield tag="952" ind1=" " ind2=" ">
    <subfield code="0">0</subfield>
    <subfield code="1">0</subfield>
    <subfield code="2">ddc</subfield>
    <subfield code="5">1</subfield>
    <subfield code="7">0</subfield>
    <subfield code="8">PD</subfield>
    <subfield code="a">BNPHU</subfield>
    <subfield code="b">BNPHU</subfield>
    <subfield code="c">CT</subfield>
    <subfield code="d">2022-11-09</subfield>
    <subfield code="e">Intec</subfield>
    <subfield code="l">0</subfield>
    <subfield code="o">BNPHU PD 780.97293 I37v</subfield>
    <subfield code="p">2023-7701</subfield>
    <subfield code="r">2023-11-09</subfield>
    <subfield code="w">2023-11-09</subfield>
    <subfield code="y">LBS1</subfield>
  </datafield>
  <datafield tag="952" ind1=" " ind2=" ">
    <subfield code="0">0</subfield>
    <subfield code="1">0</subfield>
    <subfield code="2">ddc</subfield>
    <subfield code="5">1</subfield>
    <subfield code="7">0</subfield>
    <subfield code="8">PD</subfield>
    <subfield code="a">BNPHU</subfield>
    <subfield code="b">BNPHU</subfield>
    <subfield code="c">CT</subfield>
    <subfield code="d">2022-11-09</subfield>
    <subfield code="e">Intec</subfield>
    <subfield code="l">0</subfield>
    <subfield code="o">BNPHU PD 780.97293 I37v</subfield>
    <subfield code="p">2023-7702</subfield>
    <subfield code="r">2023-11-09</subfield>
    <subfield code="t">e. 2</subfield>
    <subfield code="w">2023-11-09</subfield>
    <subfield code="y">LBS1</subfield>
  </datafield>
  <datafield tag="952" ind1=" " ind2=" ">
    <subfield code="0">0</subfield>
    <subfield code="1">0</subfield>
    <subfield code="2">ddc</subfield>
    <subfield code="5">6</subfield>
    <subfield code="7">0</subfield>
    <subfield code="8">DS</subfield>
    <subfield code="a">BNPHU</subfield>
    <subfield code="b">BNPHU</subfield>
    <subfield code="c">CT</subfield>
    <subfield code="d">2022-11-09</subfield>
    <subfield code="e">Intec</subfield>
    <subfield code="l">0</subfield>
    <subfield code="o">BNPHU DS 780.97293 I37v</subfield>
    <subfield code="p">2023-7703</subfield>
    <subfield code="r">2023-11-09</subfield>
    <subfield code="t">e. 3</subfield>
    <subfield code="w">2023-11-09</subfield>
    <subfield code="y">LBS1</subfield>
  </datafield>
  <datafield tag="952" ind1=" " ind2=" ">
    <subfield code="0">0</subfield>
    <subfield code="1">0</subfield>
    <subfield code="2">ddc</subfield>
    <subfield code="5">6</subfield>
    <subfield code="7">0</subfield>
    <subfield code="8">DS</subfield>
    <subfield code="a">BNPHU</subfield>
    <subfield code="b">BNPHU</subfield>
    <subfield code="c">CT</subfield>
    <subfield code="d">2022-11-09</subfield>
    <subfield code="e">Intec</subfield>
    <subfield code="l">0</subfield>
    <subfield code="o">BNPHU DS 780.97293 I37v</subfield>
    <subfield code="p">2023-7705</subfield>
    <subfield code="r">2023-11-09</subfield>
    <subfield code="t">e. 4</subfield>
    <subfield code="w">2023-11-09</subfield>
    <subfield code="y">LBS1</subfield>
  </datafield>
  <datafield tag="999" ind1=" " ind2=" ">
    <subfield code="c">55443</subfield>
    <subfield code="d">55443</subfield>
  </datafield>
</record>
